| 000 | 00520nam a22001457a 4500 | ||
|---|---|---|---|
| 082 | _a620.1 | ||
| 100 | _aZia, Talha | ||
| 245 |
_aModeling the Viscoelastic Behavior of Engine Oil in the Crankshaft-Journal-Bearing of High Torque Low-Speed Diesel Engine / _cTalha Zia |
||
| 260 |
_aIslamabad : _bCEME - NUST, _c2017. |
||
| 300 |
_a59 p. ; _c30cm. |
||
| 650 |
_aMechanical Engineering-MS-Thesis _916090 |
||
| 700 |
_aDr. Raja Amer Azim _931523 |
||
| 942 |
_2ddc _cTHE |
||
| 999 |
_c536432 _d536432 |
||